书目信息 |
| 题名: |
水污染控制工程实践
|
|
| 作者: | 李秀芬 主编 | |
| 分册: | ||
| 出版信息: | 北京 中国轻工业出版社 2012 |
|
| 页数: | 282页 | |
| 开本: | 26cm | |
| 丛书名: | ||
| 单 册: | ||
| 中图分类: | X520.6 | |
| 科图分类: | ||
| 主题词: | 水污染防治--高等学校--教材 , 水污染防治 | |
| 电子资源: | ||
| ISBN: | 978-7-5019-8419-0 | |
| 000 | 00993nam0 2200265 450 | |
| 001 | 140683 | |
| 005 | 20140929101433.07 | |
| 010 | @a978-7-5019-8419-0@dCNY 36.00 | |
| 100 | @a20111227d2012 em y0chiy50 ea | |
| 101 | 0 | @achi |
| 102 | @aCN@b110000 | |
| 105 | @ay z 000yy | |
| 200 | 1 | @a水污染控制工程实践@Ashui wu ran kong zhi gong cheng shi jian@b专著@f李秀芬主编 |
| 210 | @a北京@c中国轻工业出版社@d2012 | |
| 215 | @a282页@d26cm | |
| 300 | @a高等学校专业教材 江苏省高等教育精品课程教材 | |
| 312 | @a封面英文题名:Water pollution control engineering practice | |
| 330 | @a本书共分八章,内容包括:水污染控制工程实验室的建立、水污染控制工程基础实验、水污染控制工程综合实验、水污染控制工程创新实验、水污染控制工程课程设计等。 | |
| 510 | 1 | @aWater pollution control engineering practice@zeng |
| 606 | 0 | @a水污染防治@x高等学校@j教材 |
| 606 | 0 | @a水污染防治 |
| 690 | @aX520.6@v4 | |
| 701 | 0 | @a李秀芬@Ali xiu fen@4主编 |
| 801 | 0 | @aCN@bZL@c20140929 |
| 905 | @a241430@dX520.6@eL300 | |
| 水污染控制工程实践/李秀芬主编.-北京:中国轻工业出版社,2012 |
| 282页;26cm |
| 高等学校专业教材 江苏省高等教育精品课程教材 |
| ISBN 978-7-5019-8419-0:CNY 36.00 |
| 本书共分八章,内容包括:水污染控制工程实验室的建立、水污染控制工程基础实验、水污染控制工程综合实验、水污染控制工程创新实验、水污染控制工程课程设计等。 |
| ● |
| 相关链接 |
|
|
|
正题名:水污染控制工程实践
索取号:X520.6/L300
 
预约/预借
| 序号 | 登录号 | 条形码 | 馆藏地/架位号 | 状态 | 备注 |
| 1 | 0835897 | 208358971 | 自科库501/501自科库 101排1列4层/ [索取号:X520.6/L300] | 在馆 | |
| 2 | 0835898 | 208358980 | 自科二线504/504自科库 12排4列1层/ [索取号:X520.6/L300] | 在馆 | |
| 3 | 0835899 | 208358999 | 自科库501/501自科库 101排1列4层/ [索取号:X520.6/L300] | 在馆 |